<?xml version="1.0" encoding="UTF-8"?><?xml-stylesheet type="text/xsl" href="static/style.xsl"?><OAI-PMH xmlns="http://www.openarchives.org/OAI/2.0/" xmlns:xsi="http://www.w3.org/2001/XMLSchema-instance" xsi:schemaLocation="http://www.openarchives.org/OAI/2.0/ http://www.openarchives.org/OAI/2.0/OAI-PMH.xsd"><responseDate>2026-05-16T22:07:41Z</responseDate><request verb="GetRecord" identifier="oai:repisalud.isciii.es:20.500.12105/14660" metadataPrefix="marc">https://repisalud.isciii.es/rest/oai/request</request><GetRecord><record><header><identifier>oai:repisalud.isciii.es:20.500.12105/14660</identifier><datestamp>2025-05-07T09:37:36Z</datestamp><setSpec>com_20.500.12105_2052</setSpec><setSpec>com_20.500.12105_2051</setSpec><setSpec>col_20.500.12105_19608</setSpec></header><metadata><record xmlns="http://www.loc.gov/MARC21/slim" xmlns:dcterms="http://purl.org/dc/terms/" xmlns:doc="http://www.lyncode.com/xoai" xmlns:xsi="http://www.w3.org/2001/XMLSchema-instance" xsi:schemaLocation="http://www.loc.gov/MARC21/slim http://www.loc.gov/standards/marcxml/schema/MARC21slim.xsd">
   <leader>00925njm 22002777a 4500</leader>
   <datafield ind2=" " ind1=" " tag="042">
      <subfield code="a">dc</subfield>
   </datafield>
   <datafield ind2=" " ind1=" " tag="720">
      <subfield code="a">Rodriguez-Blazquez, Carmen</subfield>
      <subfield code="e">author</subfield>
   </datafield>
   <datafield ind2=" " ind1=" " tag="720">
      <subfield code="a">Rodríguez-Violante, Mayela</subfield>
      <subfield code="e">author</subfield>
   </datafield>
   <datafield ind2=" " ind1=" " tag="720">
      <subfield code="a">Arakaki, Tomoko</subfield>
      <subfield code="e">author</subfield>
   </datafield>
   <datafield ind2=" " ind1=" " tag="720">
      <subfield code="a">Garretto, Nelida Susana</subfield>
      <subfield code="e">author</subfield>
   </datafield>
   <datafield ind2=" " ind1=" " tag="720">
      <subfield code="a">Serrano-Dueñas, Marcos</subfield>
      <subfield code="e">author</subfield>
   </datafield>
   <datafield ind2=" " ind1=" " tag="720">
      <subfield code="a">Ibañez, Ivonne Pedroso</subfield>
      <subfield code="e">author</subfield>
   </datafield>
   <datafield ind2=" " ind1=" " tag="720">
      <subfield code="a">Ambrosio, Leire</subfield>
      <subfield code="e">author</subfield>
   </datafield>
   <datafield ind2=" " ind1=" " tag="260">
      <subfield code="c">2022-03</subfield>
   </datafield>
   <datafield ind2=" " ind1=" " tag="520">
      <subfield code="a">Aim: To analyze the responsiveness and interpretability of the Living with Chronic Illness Scale in patients with Parkinson’s disease (LW-CI-PD). Methods: Longitudinal, international study, with a convenience sample of 153 PD Spanish and Latin-American patients assessed at baseline and one year later. The LW-CI-PD and other clinical measures were applied. For responsiveness, Wilcoxon-Mann-Whitney test of differences, correlation of change between rating scales, stan dard error of difference, relative change, Cohen’s effect size and standardized response mean of LW-CI-PD were computed. The minimally clinical important difference was calculated using anchor- (applying the Patient Global Impression of Severity) and distribution-based methods. A triangulation of interpretability indexes was per formed to determine the range of the minimally clinical important difference values. Results: The LW-CI-PD scored 65.7 (11.7, range: 33–101) at baseline, and 68.6 (10.3, range: 33–102) one year later (p &lt; 0.001). Change in LW-CI-PD correlated − 0.26 with change in psychosocial status, 0.18 with change in motor function and − 0.15 with change in social support. Responsiveness statistics were: relative change = 4.5%; effect size = 0.25; standardized response mean = 0.46. Using PGI-S as anchor, 29 patients worsened, and the value of minimally clinical important difference for worsening in LW-CI-PD total score was 4.7. Minimally clinical important difference values using distribution-based methods were between 4.5 (1 standard error of measurement) and 10.4 (10% of total score), with a mean of 6.9. Conclusions: Our study suggest the LW-CI-PD is responsive to changes over time. The use of different methods for calculating the minimally clinical important difference allows to determine a range of the real change for the LW CI-PD.</subfield>
   </datafield>
   <datafield ind1="8" ind2=" " tag="024">
      <subfield code="a">Parkinsonism Relat Disord. 2022 Mar;96:1-5.</subfield>
   </datafield>
   <datafield ind1="8" ind2=" " tag="024">
      <subfield code="a">10.1016/j.parkreldis.2022.01.007</subfield>
   </datafield>
   <datafield ind1="8" ind2=" " tag="024">
      <subfield code="a">1873-5126</subfield>
   </datafield>
   <datafield ind1="8" ind2=" " tag="024">
      <subfield code="a">Parkinsonism &amp; related disorders</subfield>
   </datafield>
   <datafield ind1="8" ind2=" " tag="024">
      <subfield code="a">35093852</subfield>
   </datafield>
   <datafield ind1="8" ind2=" " tag="024">
      <subfield code="a">http://hdl.handle.net/20.500.12105/14660</subfield>
   </datafield>
   <datafield tag="653" ind2=" " ind1=" ">
      <subfield code="a">Living with Parkinson disease</subfield>
   </datafield>
   <datafield tag="653" ind2=" " ind1=" ">
      <subfield code="a">Responsiveness</subfield>
   </datafield>
   <datafield tag="653" ind2=" " ind1=" ">
      <subfield code="a">Effect size</subfield>
   </datafield>
   <datafield tag="653" ind2=" " ind1=" ">
      <subfield code="a">Minimally clinical important difference</subfield>
   </datafield>
   <datafield tag="653" ind2=" " ind1=" ">
      <subfield code="a">Patient reported outcome</subfield>
   </datafield>
   <datafield tag="653" ind2=" " ind1=" ">
      <subfield code="a">Measurement properties</subfield>
   </datafield>
   <datafield ind2="0" ind1="0" tag="245">
      <subfield code="a">Living with chronic illness scale in Parkinson's disease: Longitudinal metric properties and meaningful change</subfield>
   </datafield>
</record></metadata></record></GetRecord></OAI-PMH>